ARRUPE JESUIT UNIVERSITY

CORONAVIRUS -STOP THE SPREAD - CLEAN,DISINFECT,COVER

Philosophy of science : (Record no. 63035)

MARC details
000 -LEADER
fixed length control field 01278cam a2200313 a 4500
001 - CONTROL NUMBER
control field 12875865
003 - CONTROL NUMBER IDENTIFIER
control field ARRUPE
005 - DATE AND TIME OF LATEST TRANSACTION
control field 20170803091450.0
008 - FIXED-LENGTH DATA ELEMENTS--GENERAL INFORMATION
fixed length control field 020730s2002 enkac b 001 0 eng
010 ## - LIBRARY OF CONGRESS CONTROL NUMBER
LC control number 2002510456
015 ## - NATIONAL BIBLIOGRAPHY NUMBER
National bibliography number GBA2-Z0555
020 ## - INTERNATIONAL STANDARD BOOK NUMBER
International Standard Book Number 0192802836
035 ## - SYSTEM CONTROL NUMBER
System control number (OCoLC)ocm48932644
040 ## - CATALOGING SOURCE
Original cataloging agency UKM
Transcribing agency UKM
Modifying agency DLC
042 ## - AUTHENTICATION CODE
Authentication code lccopycat
050 00 - LIBRARY OF CONGRESS CALL NUMBER
Classification number Q175
Item number .O4555 2002
082 04 - DEWEY DECIMAL CLASSIFICATION NUMBER
Classification number 501
Edition number 21
300 ## - PHYSICAL DESCRIPTION
Other physical details ill., ports. ;
Dimensions 18 cm.
100 1# - MAIN ENTRY--PERSONAL NAME
Personal name Okasha, Samir.
9 (RLIN) 11017
245 10 - TITLE STATEMENT
Title Philosophy of science :
Remainder of title a very short introduction /
Statement of responsibility, etc Samir Okasha.
260 ## - PUBLICATION, DISTRIBUTION, ETC. (IMPRINT)
Place of publication, distribution, etc Oxford ;
-- New York :
Name of publisher, distributor, etc Oxford University Press,
Date of publication, distribution, etc 2002.
300 ## - PHYSICAL DESCRIPTION
Extent 144 p. :
440 #0 - SERIES STATEMENT/ADDED ENTRY--TITLE
Title Very short introductions ;
Volume number/sequential designation 67
9 (RLIN) 34530
504 ## - BIBLIOGRAPHY, ETC. NOTE
Bibliography, etc Includes bibliographical references and index.
650 #0 - SUBJECT ADDED ENTRY--TOPICAL TERM
Topical term or geographic name as entry element Science
General subdivision Philosophy.
9 (RLIN) 34531
856 42 - ELECTRONIC LOCATION AND ACCESS
Materials specified Publisher description
Uniform Resource Identifier <a href="http://www.loc.gov/catdir/enhancements/fy0614/2002510456-d.html">http://www.loc.gov/catdir/enhancements/fy0614/2002510456-d.html</a>
856 41 - ELECTRONIC LOCATION AND ACCESS
Materials specified Table of contents only
Uniform Resource Identifier <a href="http://www.loc.gov/catdir/enhancements/fy0614/2002510456-t.html">http://www.loc.gov/catdir/enhancements/fy0614/2002510456-t.html</a>
856 42 - ELECTRONIC LOCATION AND ACCESS
Materials specified Contributor biographical information
Uniform Resource Identifier <a href="http://www.loc.gov/catdir/enhancements/fy0722/2002510456-b.html">http://www.loc.gov/catdir/enhancements/fy0722/2002510456-b.html</a>
906 ## - LOCAL DATA ELEMENT F, LDF (RLIN)
a 7
b cbc
c copycat
d 2
e ncip
f 20
g y-gencatlg
942 ## - ADDED ENTRY ELEMENTS (KOHA)
Source of classification or shelving scheme Library of Congress Classification
Koha item type Monograph ( Printed materials)
Holdings
Withdrawn status Lost status Source of classification or shelving scheme Damaged status Not for loan Collection code Home library Current library Shelving location Date acquired Total Checkouts Full call number Barcode Date last seen Date checked out Copy number Price effective from Koha item type
    Library of Congress Classification     Main Collection ARRUPE LIBRARY ARRUPE LIBRARY   05/03/2013 7 Q175.O4555 2002 46003097881 10/09/2021 31/08/2021 3 05/03/2013 Monograph ( Printed materials)
    Library of Congress Classification     Main Collection ARRUPE LIBRARY ARRUPE LIBRARY Main Collection 20/05/2014 6 Q175.O4555 2002 46500000773 12/09/2019 30/08/2019 1 20/05/2014 Monograph ( Printed materials)
    Library of Congress Classification     Main Collection ARRUPE LIBRARY ARRUPE LIBRARY Main Collection 20/05/2014 7 Q175.O4555 2002 46500000774 28/05/2021 15/10/2020   20/05/2014 Monograph ( Printed materials)

 

Arrupe Library. PO Box MP320 Mt Pleasant, Harare, Zimbabwe
263 242 745411|librarian@aju.ac.zw